| 000 | 00329 a2200121 4500 | ||
|---|---|---|---|
| 005 | 20250701115506.0 | ||
| 020 | _a90-4118-847-9 | ||
| 082 | _a346.02 LAN | ||
| 245 | _aPrinciples of European Contract Law: Parts i and ii | ||
| 260 |
_aLondon _bKluwer Law International _c2000 |
||
| 300 |
_axliii,561p.: _bIndex _c26cm |
||
| 942 |
_2ddc _cBKS |
||
| 999 |
_c6511 _d6511 |
||